Countries in Debt Quiz Stats

 Plays Quiz Updated Sep 12, 2018

Score 0/24 Timer 05:00
5 Plays Today
% of GDP Country % Correct
90.6United Kingdom
93.4%
101.0Spain
82.8%
98.2France
77.9%
227.9Japan
74.8%
135.8Italy
72.5%
95.4Canada
64.1%
182.0Greece
61%
129.0Portugal
57.5%
101.2Ireland
53.1%
94.9Ukraine
38.3%
107.0Belgium
34.8%
205.3Zimbabwe
28.7%
% of GDP Country % Correct
93.5Yemen
24%
107.0Cyprus
22.8%
91.7Egypt
18.3%
105.6Singapore
14.3%
122.5Jamaica
13.6%
138.8Lebanon
13.1%
122.6Eritrea
6.9%
98.5Bhutan
6.8%
93.9São Tomé and Príncipe
6.6%
101.0Barbados
6.2%
110.0Grenada
5%
116.2Cabo Verde
2.8%

You're not logged in!

Compare scores with friends on all Sporcle quizzes.
OR
Log In

Sporcle TV

Today on Sporcle TV


Watch our educational content, quiz creation guides, and fun videos on Sporcle TV.

Show Comments

Extras

Top Quizzes Today


Score Distribution

Your Account Isn't Verified!

In order to create a playlist on Sporcle, you need to verify the email address you used during registration. Go to your Sporcle Settings to finish the process.

Report this User

Report this user for behavior that violates our Community Guidelines.

Details: